000 00466nam a2200181Ia 4500
008 240925s9999 xx 000 0 und d
020 _a8120308344
082 _a621.3827 GOW
100 _aGowar, John
245 0 _aOptical Communication Systems
250 _a2nd
260 _aNew Delhi:
_bPrentice Hall
_c,2002.
300 _a1768p.
_bNA
_fOriginal
500 _aIncludes Index
600 _aTelecommunication Engineering
650 _aTechnology
942 _cBK
999 _c8166
_d8166